000 00453nam a2200157Ia 4500
005 20250507130016.0
008 008 250505s9999 xx 000 0 eng d
037 _aBound Volumes
040 _aEASL
_beng
_cEASL
041 _aeng
_2eng
084 _qEASL
245 0 _aReview (Tokyo)
260 _aJapan
_bTokyo Oa Kyokai Japan Association on Communist States in Europe and Asia Japan
_c0000
942 _cCR
999 _c1316301
_d1316301